Responses for Show #2404 - Thursday, February 2, 1995

Contestants

[<< previous game]

Charlie Garfink, a cafe owner from San Rafael, California

Leslie Lewis, a writer originally from Chicago, Illinois

Jim Spellane, a public relations director from Washington, D.C. (whose 2-day cash winnings total $27,800)

[next game >>]

Jeopardy! Round responses

FEBRUARY 8
(Alex: Things that occurred on that date.)
BASEBALL HISTORY
LIBRARIES
BLOODSUCKERS
HOUSEHOLD HINTS
HODGEPODGE
    $100 26
the Soviet Union

Leslie
    $100 1
the All-Star Game

Jim
    $100 11
Alabama

Leslie
    $100 21
bedbugs

Leslie
    $100 16
salt

Jim
    $100 6
noblesse oblige

Leslie
    $200 27
Ted Koppel

Jim
    $200 2
Nolan Ryan

Jim
    $200 12
Providence

Charlie
    $200 22
tsetse flies

Leslie
    $200 17
(Charlie: What is the roof?)

the attic

LeslieCharlie
    $200 7
moonshine

Charlie
    $300 28
the Boy Scouts (of America)

Jim
    $300 3
the designated hitter

Jim
    $300 13
Little Big Horn

Leslie
    $300 23
leeches

Leslie
    $300 18
sandpaper

Charlie
    $300 8
sartorial

Charlie
    $400 29
Birth of a Nation

Leslie
    $400 4
Taft

Jim
    $400 14
Carnegie

Leslie
    $400 24
lampreys

Jim
    $400 19
baking soda

Charlie
    $400 9
females

Triple Stumper
    $500 30
Charleston

Jim
    $500 5
Lou Brock

Charlie
    $800 15
Ohio

Leslie
    $500 25
ticks

Leslie
    $500 20
(hydrogen) peroxide

Leslie
    $500 10
Uranus & Venus

Leslie

Scores at the first commercial break (after clue 15):

Jim Leslie Charlie
$1,000 $2,200 $1,200

Scores at the end of the Jeopardy! Round:

Jim Leslie Charlie
$2,500 $4,500 $1,700

Double Jeopardy! Round responses

EXPLORERS
WORLD GEOGRAPHY
GEMS & JEWELRY
RELIGION
LITERATURE
THE WALTZ
    $200 7
(Charlie: Who is da Gama?)

Magellan

LeslieCharlie
    $200 1
(Charlie: What is the Pacific?)

the Atlantic

LeslieCharlie
    $200 26
earrings

Leslie
    $200 16
voodoo

Jim
    $200 2
Schindler's List

Leslie
    $200 21
German

Charlie
    $400 8
(Leslie: [Without signaling] Who is [*]?)
(Jim: Who is Peary?)
...
(Alex: And you have you be careful about blurting out a response. Jim didn't take your advice on that one, and it cost him.)

Byrd

JimLeslie
    $400 12
(Leslie: What is Buenos Aires?)
(Charlie: What is Madrid?)

Mexico City

JimLeslieCharlie
    $400 27
a ruby

Jim
    $400 17
Shinto

Leslie
    $400 3
Les Miserables

Jim
    $400 22
Boston

Charlie
    $600 9
America

Charlie
    $600 13
Andorra

Leslie
    $600 28
the Hope Diamond

Jim
    $600 18
Islam

Charlie
    $600 4
Jane Eyre

Jim
    $600 23
Johann Strauss

Jim
    $800 10
Sandwich

Charlie
    $800 14
Latvia

Leslie
    $800 29
(Cecil) Rhodes

Jim
    $800 19
the Mormon religion

Leslie
    $800 5
David Copperfield

Jim
    $800 24
Tchaikovsky

Jim
    $1000 11
Greenland

Charlie
    $1000 15
(Charlie: What is Alberta?)

Manitoba

JimCharlie
    $1000 30
quartz

Triple Stumper
    $1000 20
the Shakers

Jim
    $2,000 6
Ivanhoe

Jim
    $2,200 25
(Jim: What is The Nutcracker?)

Hansel and Gretel

Jim

Scores at the end of the Double Jeopardy! Round:

Jim Leslie Charlie
$9,500 $7,900 $3,500

[wagering suggestions for these scores]

Final Jeopardy! Round responses

HISTORIC AMERICANS
CharlieWho was Peter Tishman
$100
LeslieWho mather
$6,500
JimWho was Horace Greley
$6,400
John Peter Zenger

Final scores:

Jim Leslie Charlie
$3,100 $1,400 $3,400
2nd place: La-Z-Boy sofa & love seat + Singer table collection 3rd place: Service Merchandise gift certificate New champion: $3,400

Game dynamics:

Coryat scores:

Jim Leslie Charlie
$10,700 $7,600 $3,500
22 R
(including 1 DD),
2 W
(including 1 DD)
23 R
(including 1 DD),
1 W
12 R,
5 W

Combined Coryat: $21,800

[game clues] [game scores] [suggest correction]

Game tape date: 1994-11-09
The J! Archive is created by fans, for fans. Scraping, republication, monetization, and malicious use prohibited; this site may use cookies and collect identifying information. See terms. The Jeopardy! game show and all elements thereof, including but not limited to copyright and trademark thereto, are the property of Jeopardy Productions, Inc. and are protected under law. This website is not affiliated with, sponsored by, or operated by Jeopardy Productions, Inc. Join the discussion at JBoard.tv.